header

Invisible women (Record no. 8612)

MARC details
000 -LEADER
fixed length control field 01270nam a2200325Ia 4500
001 - CONTROL NUMBER
control field ebr10696137
003 - CONTROL NUMBER IDENTIFIER
control field CaPaEBR
006 - FIXED-LENGTH DATA ELEMENTS--ADDITIONAL MATERIAL CHARACTERISTICS--GENERAL INFORMATION
fixed length control field m u
007 - PHYSICAL DESCRIPTION FIXED FIELD--GENERAL INFORMATION
fixed length control field cr cn|||||||||
008 - FIXED-LENGTH DATA ELEMENTS--GENERAL INFORMATION
fixed length control field 010124s1998 enk sb 001 0 eng d
020 ## - INTERNATIONAL STANDARD BOOK NUMBER
Cancelled/invalid ISBN 1872870597
Cancelled/invalid ISBN 9781872870595
Cancelled/invalid ISBN 9781906534295
040 ## - CATALOGING SOURCE
Original cataloging agency CaPaEBR
Transcribing agency CaPaEBR
035 ## - SYSTEM CONTROL NUMBER
System control number (OCoLC)847010656
050 14 - LIBRARY OF CONGRESS CALL NUMBER
Classification number HV9647
Item number .D48 1998eb
100 1# - MAIN ENTRY--PERSONAL NAME
Personal name Devlin, Angela.
245 10 - TITLE STATEMENT
Title Invisible women
Medium [electronic resource] :
Remainder of title what's wrong with women's prisons? /
Statement of responsibility, etc Angela Devlin.
246 30 - VARYING FORM OF TITLE
Title proper/short title What's wrong with women's prisons?
260 ## - PUBLICATION, DISTRIBUTION, ETC. (IMPRINT)
Place of publication, distribution, etc Winchester :
Name of publisher, distributor, etc Waterside Press,
Date of publication, distribution, etc 1998.
300 ## - PHYSICAL DESCRIPTION
Extent 400 p.
504 ## - BIBLIOGRAPHY, ETC. NOTE
Bibliography, etc Includes bibliographical references (p. 383-385) and index.
533 ## - REPRODUCTION NOTE
Type of reproduction Electronic reproduction.
Place of reproduction Palo Alto, Calif. :
Agency responsible for reproduction ebrary,
Date of reproduction 2013.
Note about reproduction Available via World Wide Web.
-- Access may be limited to ebrary affiliated libraries.
650 #0 - SUBJECT ADDED ENTRY--TOPICAL TERM
Topical term or geographic name as entry element Female offenders
Geographic subdivision Great Britain.
Topical term or geographic name as entry element Reformatories for women
Geographic subdivision Great Britain.
Topical term or geographic name as entry element Women prisoners
Geographic subdivision Great Britain.
655 #7 - INDEX TERM--GENRE/FORM
Genre/form data or focus term Electronic books.
Source of term local
710 2# - ADDED ENTRY--CORPORATE NAME
Corporate name or jurisdiction name as entry element ebrary, Inc.
856 40 - ELECTRONIC LOCATION AND ACCESS
Uniform Resource Identifier <a href="http://site.ebrary.com/lib/rucke/Doc?id=10696137">http://site.ebrary.com/lib/rucke/Doc?id=10696137</a>
Public note An electronic book accessible through the World Wide Web; click to view

No items available.

© 2026 Rongo University
Contact us: librarian | system librarian | Rongo university